000 01086cam a22003611 4500
001 data
005 20260322212111.0
008 data
035 _a7925256
906 _a7
_bcbc
_coclcrpl
_du
_encip
_f19
_gy-gencatlg
010 _a 55014051
035 _9(DLC) 55014051
035 _a(OCoLC)1596763
040 _aDLC
_cMSohG
_dDLC
_dDLC
042 _apremarc
050 0 0 _aBV3705.L3
_bA3 1954
082 _a[266.51]
_a[266.51]
100 1 _aLambie, Thomas A.
_q(Thomas Alexander),
_d1885-1954.
245 1 2 _aA doctor's great commission.
250 _a[4th ed., enl.]
260 _aWheaton, Ill.,
_bVan Kampen Press
_c[1954]
300 _a288 p.
_billus.
_c21 cm.
336 _atext
_btxt
_2rdacontent
337 _aunmediated
_bn
_2rdamedia
338 _avolume
_bnc
_2rdacarrier
650 0 _aMissions
_zSudan.
650 0 _aMissions
_zEthiopia.
650 0 _aMissions
_zPalestine.
650 0 _aMissions, Medical.
985 _eOCLC REPLACEMENT cdsdistr
991 _bc-GenColl
_hBV3705.L3
_iA3 1954
_tCopy 1
_wOCLCREP
999 _c1657
_d1657